Kerala sabhayayute persian bandham / (Record no. 1122829)

MARC details
000 -LEADER
fixed length control field 00779nam a2200277 a 4500
001 - CONTROL NUMBER
control field vtls001674323
003 - CONTROL NUMBER IDENTIFIER
control field NLI
005 - DATE AND TIME OF LATEST TRANSACTION
control field 20210628150309.0
008 - FIXED-LENGTH DATA ELEMENTS--GENERAL INFORMATION
fixed length control field 130206s1978 ii 000 0 mal
020 ## - INTERNATIONAL STANDARD BOOK NUMBER
Terms of availability Rs. 5.00
039 #9 - LEVEL OF BIBLIOGRAPHIC CONTROL AND CODING DETAIL [OBSOLETE]
-- 201302061551
-- VLOAD
040 0# - CATALOGING SOURCE
Original cataloging agency NLI
Language of cataloging eng
Transcribing agency ENTERTECH - MALAYALAM
Description conventions AACR2
041 0# - LANGUAGE CODE
Language code of text/sound track or separate title mal
044 ## - COUNTRY OF PUBLISHING/PRODUCING ENTITY CODE
MARC country code ii
082 04 - DEWEY DECIMAL CLASSIFICATION NUMBER
Classification number 274.483
100 1# - MAIN ENTRY--PERSONAL NAME
Personal name Jose, N.K.
9 (RLIN) 1103458
245 10 - TITLE STATEMENT
Title Kerala sabhayayute persian bandham /
Statement of responsibility, etc. N.K. Jose
260 ## - PUBLICATION, DISTRIBUTION, ETC.
Place of publication, distribution, etc. Vaikom :
Name of publisher, distributor, etc. Hobby Publishers,
Date of publication, distribution, etc. 1978
300 ## - PHYSICAL DESCRIPTION
Extent 94 p. ;
Dimensions 18 cm.
650 #0 - SUBJECT ADDED ENTRY--TOPICAL TERM
Topical term or geographic name entry element Church history
Chronological subdivision Middle Ages, 600-1500
9 (RLIN) 846881
887 ## - NON-MARC INFORMATION FIELD
Content of non-MARC field
901 ## - LOCAL DATA ELEMENT A, LDA (RLIN)
a 18781
b 08.11.1978
902 ## - LOCAL DATA ELEMENT B, LDB (RLIN)
a Mal 274.483 J 846 k
949 ## - LOCAL PROCESSING INFORMATION (OCLC)
-- VIRTUAITEM
-- 10000
-- 100
6 DBA000018781MAL
942 ## - ADDED ENTRY ELEMENTS (KOHA)
Source of classification or shelving scheme Dewey Decimal Classification
Koha item type Books
Holdings
Withdrawn status Lost status Damaged status Not for loan Collection code Home library Current library Shelving location Date acquired Total Checkouts Full call number Barcode Date last seen Price effective from Koha item type
        Malayalam National Library of India National Library of India       Mal 274.483 J 846 k DBA000018781MAL 28/06/2021 28/06/2021 Books
                                                                           
web counter

Copyright ©2020 The National Library of India, Govt. of India ↔ Hosted by NVLI, MOC ↔ Technology and Design by National Library of India, Ministry of Culture, Govt. of India